KOHA-Header-6

An Introduction to Computer Networking (Record no. 8338)

000 -LEADER
fixed length control field 00265nam a2200109Ia 4500
100 ## - MAIN ENTRY--AUTHOR NAME
Personal name Kenneth C
245 #3 - TITLE STATEMENT
Title An Introduction to Computer Networking
260 ## - PUBLICATION, DISTRIBUTION, ETC. (IMPRINT)
Place of publication India
Name of publisher Pearson
Year of publication 1999
300 ## - PHYSICAL DESCRIPTION
Number of Pages 570
942 ## - ADDED ENTRY ELEMENTS (KOHA)
Koha item type Books
Holdings
Withdrawn status Lost status Collection code Permanent Location Current Location Shelving location Date acquired Full call number Accession Number Koha item type
    Computer Networking MAJU MAJU   2019-09-13 005.43 2990 Computer Networking

Powered by Koha